| 000 | 00765nam a2200229 a 4500 | ||
|---|---|---|---|
| 001 | 000022938 | ||
| 003 | DO-SdBNP | ||
| 005 | 20240528191003.0 | ||
| 008 | 101123s1980 xxu 000 0 spa d | ||
| 040 |
_aDO-SdBNP _bspa _cBNPHU |
||
| 049 | _aBNGR | ||
| 082 | 4 |
_a330.98 _bO77a _222 |
|
| 100 | 1 |
_aOrtíz Mena, Antonio _947160 |
|
| 245 | 1 | 0 |
_aAmérica Latina en desarrollo : _buna visión desde el BID: exposiciones y documentos, 1976-80 / _cAntonio Ortíz Mena. |
| 260 |
_a[s.l.] : _bBID, _c[1980]. |
||
| 300 |
_a631 p. ; _c23 cm. |
||
| 500 | _aIncluye índice | ||
| 610 | 2 | 0 |
_aBanco Interamericano de Desarrollo _99655 |
| 651 | 4 |
_aAmérica Latina _xCondiciones económicas _y1945- _933045 |
|
| 710 | 2 | 4 |
_aBanco Interamericano de Desarrollo _99655 |
| 942 |
_2ddc _cLBS1 |
||
| 999 |
_c22435 _d22435 |
||